A text of botany / (Record no. 147613)

MARC details
000 -LEADER
fixed length control field 00621nam a22002057a 4500
005 - DATE AND TIME OF LATEST TRANSACTION
control field 20171121144902.0
010 ## - LCCN (DPL NO)
LC control number ENG-121528
020 ## - INTERNATIONAL STANDARD BOOK NUMBER
International Standard Book Number 9789325992337
Terms of availability 550.00
035 ## - SYSTEM CONTROL NUMBER
System control number EN-105060
037 ## - SOURCE OF ACQUISITION
Source of stock number/acquisition DBAD/PUB
082 ## - DEWEY DECIMAL CLASSIFICATION NUMBER
Classification number 581
100 ## - MAIN ENTRY--PERSONAL NAME
Personal name Pandey,S.N.
245 ## - TITLE STATEMENT
Title A text of botany /
Statement of responsibility, etc by S.N. Pandey [and] P.S. Trivedi
250 ## - EDITION STATEMENT
Edition statement 12th ed.
260 ## - PUBLICATION, DISTRIBUTION, ETC. (IMPRINT)
Place of publication, distribution, etc Gurgaon
Name of publisher, distributor, etc LexisNexis
Date of publication, distribution, etc 2018 (rep.)
270 ## - ADDRESS
Address 14th Floor, Bldg. No.10, Tower-B, DLF Cyber City, Phase-II
City Gurgaon
Postal code 122002
300 ## - PHYSICAL DESCRIPTION
Extent vol-1(xv,733p.) :
Other physical details 25cm(Hb)
Dimensions ill.
700 ## - ADDED ENTRY--PERSONAL NAME
Personal name Trivedi, P.S.
942 ## - ADDED ENTRY ELEMENTS (KOHA)
Source of classification or shelving scheme Dewey Decimal Classification
Item type English Books
Call number suffix PAN
Classification part 581
Holdings
Withdrawn status Lost status Not for loan Collection code Home library Current library Date acquired Source of acquisition Cost, normal purchase price Full call number Barcode Copy number Cost, replacement price Koha item type
    Not For Loan Non-fiction D.B.Act.Division Bawana 21/11/2017 DBAD/PUB 325.00 581 PAN EN-105060 1 325.00 English Books

© Delhi Public Library
Hit Counter
free hit counter